International labour market

Elmentve itt :
Bibliográfiai részletek
Szerző: Orosz Andrea
Dokumentumtípus: Vegyes gyűjtemény
Kulcsszavak:munkaerőpiac
nemzetközi
Tárgyszavak:
Online Access:http://eta.bibl.u-szeged.hu/877
LEADER 00600npc a2200169 i 4500
001 eta877
005 20181201075652.0
008 181201suuuu hu o 0|| eng d
040 |a SZTE Elektronikus Tananyag Archívum  |b hun 
041 |a eng 
100 1 |a Orosz Andrea 
245 1 0 |a International labour market  |h [elektronikus dokumentum] /  |c  Orosz Andrea 
650 4 |a Társadalomtudományok 
650 4 |a Közgazdasági és gazdálkodástudományok 
695 |a munkaerőpiac 
695 |a nemzetközi 
856 4 0 |u https://eta.bibl.u-szeged.hu/877/1/2011-0013_orosz_international_labour_market.zip  |z Dokumentum-elérés